000 00886nam a2200217Ii 4500
003 JO-AjNU
008 230605s9999||||xx |||||||||||||| ||und||
017 _a2004/9/6521
040 _aJO-AjNU
_bara
_erda
_cJO-AjNU
041 _aara
050 1 4 _aDS247.K88.A5598 2004
100 3 _aالعنابي، زهر,
_eauthor
_938158
245 0 0 _aآل صباح زمان وتاريخ في بنية الشخصية الكويتية: صاحب السمو الشيخ جابر الأحمد الجابر الصباح أنموذجا
250 _aط1
264 3 1 _aاربد: الرومانتيك للابحاث والدراسات، 2004
300 _a225ص
336 _atext
_btxt
_2rdacontent
337 _aunmediated
_bn
_2rdamedia
338 _avolume
_bnc
_2rdacarrier
650 4 _aالكويت-تاريخ، الكويت- الاحوال السياسية، ال الصباح-تاريخ
_938159
999 _aA16008
_c19576
_d19576